Statistiques concernant Joueurs de basket par images

Cliquez ici pour prendre le quiz!

Statistiques générales

  • Ce quiz a été pris 11 081 fois
    (10 157 depuis la dernière actualisation)
  • Le résultat moyen est 14 sur 20

Statistiques - réponses

Réponse% Correct
Lebron James
97%
Michael Jordan
96%
Stephen Curry
95%
Tony Parker
95%
Kobe Bryant
93%
Shaquille O'Neal
81%
Kévin Durant
80%
Victor Wembanyama
78%
Rudy Gobert
75%
Nikola Jokić
69%
Giánnis Antetokoúnmpo
68%
Larry Bird
64%
Russell Westbrook
62%
Magic Johnson
61%
Kareem Abdul-Jabbar
60%
Allen Iverson
55%
Tim Duncan
55%
Wilt Chamberlain
50%
Kévin Garnett
40%
Hakeem Olajuwon
34%

Distribution des résultats

Percentile par nombre de réponses

% des personnes avec chaque résultat

Votre développement - résultats

Vous n’avez pas pris ce quiz depuis la dernière actualisation